Central Library OPAC University of Rajshahi

Crete : (Record no. 2259)

MARC details
000 -LEADER
fixed length control field 00731cam a22002531 4500
001 - CONTROL NUMBER
control field 2259
003 - CONTROL NUMBER IDENTIFIER
rucl marc code BD-RjUL
005 - DATE AND TIME OF LATEST TRANSACTION
control field 20211208233519.0
008 - FIXED-LENGTH DATA ELEMENTS--GENERAL INFORMATION
fixed length control field 131210s1953 xx b 001 0 eng
035 ## - SYSTEM CONTROL NUMBER
System control number (BD-RjUL)2286
System control number (OCoLC)260555
040 ## - CATALOGING SOURCE
Original cataloging agency DLC
Transcribing agency ODaWU
Modifying agency OCoLC
-- Uk
-- DLC
-- BD-RjUL
Language of cataloging eng
041 ## - LANGUAGE CODE
Language code of text/sound track or separate title eng
082 ## - DEWEY DECIMAL CLASSIFICATION NUMBER
Edition number 18
Classification number 309.14998
Author mark and year ALC 1953
100 1# - MAIN ENTRY--PERSONAL NAME
Personal name Allbaugh, Leland G.
9 (RLIN) 7349
245 10 - TITLE STATEMENT
Title Crete :
Remainder of title a case study of an underdeveloped area /
260 ## - PUBLICATION, DISTRIBUTION, ETC. (IMPRINT)
Name of publisher, distributor, etc. Princeton University Press,
Date of publication, distribution, etc. c1953.
Place of publication, distribution, etc. N.J. :
300 ## - PHYSICAL DESCRIPTION
Pagination 572 p. ;
Size 24 cm.
504 ## - BIBLIOGRAPHY, ETC. NOTE
Bibliography, etc Bibliography: p. [455]-460.
651 #0 - SUBJECT ADDED ENTRY--GEOGRAPHIC NAME
Geographic name Crete (Greece)
General subdivision Social conditions.
9 (RLIN) 7350
942 ## - ADDED ENTRY ELEMENTS (KOHA)
Source of classification or shelving scheme Dewey Decimal Classification
Koha item type Books
Holdings
Lost status Source of classification or shelving scheme Damaged status Not for loan Collection code Permanent Location Current Location Shelving location Date acquired Source of acquisition Cost, normal purchase price Total Checkouts Full call number Date last seen Copy number Koha item type
  Dewey Decimal Classification   Not For Loan Non-fiction Central Library, University of Rajshahi Central Library, University of Rajshahi Reading Room 08/10/1957 Pak American 37.80   309.14998 ALC 1953 10/12/2013 C-1 Books